Disco flash! (CD áudio) (Registo nº 202344)

Detalhes MARC
000 -Etiqueta do registo
Valores 00434nam 22001573 4500
016 ## - Número internacional ISRC
Modalidade de aquisição e/ou preço compra
100 ## - Dados gerais de processamento
Dados gerais 20260527d u||y0pory50 ba
200 ## - Titulo e menção de responsabilidade
Título próprio Disco flash! (CD áudio)
Informação de outro título o melhor do disco sound
Primeira menção de responsabilidade Gloria Gaynor...[et al.]
210 ## - Publicação
Local de publicação [Lisboa]
Nome do editor Promoway Portugal, Lda
Data de publicação 2003
215 ## - Descrição física 
Outras indicações físicas 1 cd audio
606 ## - Nome comum usado como assunto
ID Autoridade 1103
Palavra de ordem Música
675 ## - CDU
Notação 78
Edição PT
Língua por
801 ## - Fonte de origem
País PT
Agência BMMN
Regras de catalogação RPC
990 ## - Elementos KOHA
Tipo de documento CD Música
Exemplares
Aquisição Código de barras Cota Permissão de empréstimo Tipo de documento Empréstimo Forma de aquisição
Biblioteca Municipal de Montemor-o-Novo 31824 78 DIS(est)|DEP   CD Música Biblioteca Municipal de Montemor-o-Novo Compra

Powered by Koha